Giải pháp phát triển thị trường cá tra ở Đồng bằng sông Cửu Long : Luận án Tiến sĩ. Chuyên ngành Kinh tế nông nghiệp

Đề tài phân tích thực trạng sản xuất và tiêu thụ của ngành nuôi cá tra, cấu trúc thị trường cá tra ở ĐBSCL, xác định các yếu tố ảnh hưởng đến hiệu quả thị trường của ngành hàng cá tra và đề xuất các giải pháp....

সম্পূর্ণ বিবরণ

সংরক্ষণ করুন:
গ্রন্থ-পঞ্জীর বিবরন
প্রধান লেখক: Nguyễn, Văn Thuận
বিন্যাস: গ্রন্থ
ভাষা:Undetermined
প্রকাশিত: Cần Thơ Trường Đại học Cần Thơ 2015
বিষয়গুলি:
ট্যাগগুলো: ট্যাগ যুক্ত করুন
কোনো ট্যাগ নেই, প্রথমজন হিসাবে ট্যাগ করুন!
Thư viện lưu trữ: Trung tâm Học liệu Trường Đại học Cần Thơ
LEADER 01137nam a2200205Ia 4500
001 CTU_203888
008 210402s9999 xx 000 0 und d
082 |a 658.83 
082 |b Th502 
100 |a Nguyễn, Văn Thuận 
245 0 |a Giải pháp phát triển thị trường cá tra ở Đồng bằng sông Cửu Long : 
245 0 |b Luận án Tiến sĩ. Chuyên ngành Kinh tế nông nghiệp 
245 0 |c Nguyễn Văn Thuận ; Võ Thành Danh (Cán bộ hướng dẫn) 
260 |a Cần Thơ 
260 |b Trường Đại học Cần Thơ 
260 |c 2015 
520 |a Đề tài phân tích thực trạng sản xuất và tiêu thụ của ngành nuôi cá tra, cấu trúc thị trường cá tra ở ĐBSCL, xác định các yếu tố ảnh hưởng đến hiệu quả thị trường của ngành hàng cá tra và đề xuất các giải pháp. 
650 |a Nghiên cứu thị trường,Marketing research 
904 |i Hải 
980 |a Trung tâm Học liệu Trường Đại học Cần Thơ